NFL Top 20 Players in the NFC North - Statistics

General Stats
  • This quiz has been taken 104 times
  • The average score is 7 of 20
Answer Stats
Team Player % Correct
Packers Aaron Rodgers
92%
Vikings Justin Jefferson
82%
Packers Aaron Jones
69%
Vikings Kirk Cousins
64%
Vikings Dalvin Cook
53%
Packers Jaire Alexander
48%
Vikings Harrison Smith
47%
Bears Roquan Smith
47%
Vikings Za'Darius Smith
47%
Lions D'Andre Swift
33%
Packers David Bakhtiari
22%
Bears Jaylon Johnson
21%
Vikings Eric Kendricks
16%
Packers Rashan Gary
15%
Lions Penei Sewell
14%
Lions Frank Ragnow
13%
Packers De'Vondre Campbell
11%
Packers Darnell Savage
9%
Vikings Christian Darrisaw
3%
Packers Robert Tonyan
3%
No matching quizzes found
Score Distribution
Percent of People with Each Score
Percentile by Number Answered
Your Score History
You have not taken this quiz